Εφαρμογές γεωπληροφορικής στη διαχείριση σεισμικού κινδύνου σε αστικές περιοχές : η περίπτωση της πόλης της Μυτιλήνης : [μεταπτυχιακή διατριβή]

Saved in:
Bibliographic Details
Main Author: Ρογκάκος, Παπαγιώτης
Corporate Author: Πανεπιστήμιο Αιγαίου Σχολή Κοινωνικών Επιστημών Τμήμα Γεωγραφίας Μεταπτυχιακό Πρόγραμμα Σπουδών Γεωγραφία και Εφαρμοσμένη Γεωπληροφορική
Other Authors: Σουλακέλλης, Νικόλαος (Thesis advisor)
Format: Thesis Book
Language:Greek
Published: 2008
Subjects:
Online Access:http://hdl.handle.net/11610/11273
Tags: Add Tag
No Tags, Be the first to tag this record!

MARC

LEADER 00000cam a2200000 i 4500
001 1/8919
008 100705s2008 gre d
035 |l 10108438 
040 |a GR-MY-UA  |b gre  |e aacr 
041 0 |a gre 
082 0 |a 363.34  |2 (22) 
100 1 |a Ρογκάκος, Παπαγιώτης. 
245 1 0 |a Εφαρμογές γεωπληροφορικής στη διαχείριση σεισμικού κινδύνου σε αστικές περιοχές :  |b η περίπτωση της πόλης της Μυτιλήνης : [μεταπτυχιακή διατριβή] /  |c Ρογκάκος Α. Παναγιώτης ; [επιβλέπων καθηγητής: Σουλακέλλης Νικόλαος] 
260 |c 2008 
300 |a 119 σ.;  |c 30 εκ. 
500 |a Βιβλιογραφία: σ. 116-119 
502 |a Διατριβή (μεταπτυχιακή) – Πανεπιστήμιο Αιγαίου, Λέσβος, 2008. 
650 0 0 |a Earthquake hazard analysis  |z Greece  |z Lesbos Island. 
650 0 0 |a Emergency management  |z Greece  |z Lesbos Island. 
650 0 0 |a Geographic information systems  |x Case studies. 
650 0 0 |a Dissertations, Academic  |z Greece. 
700 1 |a Σουλακέλλης, Νικόλαος.  |4 ths 
710 2 |a Πανεπιστήμιο Αιγαίου  |b Σχολή Κοινωνικών Επιστημών  |b Τμήμα Γεωγραφίας  |b Μεταπτυχιακό Πρόγραμμα Σπουδών Γεωγραφία και Εφαρμοσμένη Γεωπληροφορική. 
852 |a INST  |b LESVOS  |c DIATR  |e 20100705  |h 41  |p 005100048328  |q 005100048328  |t MTXE  |y 23 
852 |a INST  |b LESVOS  |c DIATR  |e 20100705  |h 42  |p 005100048329  |q 005100048329  |t MTXE  |y 23 
856 |u http://hdl.handle.net/11610/11273 
901 |a BIBL1-2010-2 
909 |a Λ  |b 165057 
909 |a Λ  |b 165058 
924 |a ΡΟΓΚΑΚΟΣ  |b ΠΑΝΑΓΙΩΤΗΣ  |y ΛΕΣΒΟΣ  |z 2008-11 
970 |a ΤΖΑΦΕΡΗ  |b ΕΥΑΓΓΕΛΙΑ  |z 2010/07/05